The urban health crisis: Strategies for all in the face of rapid urbanization

Na minha lista:
Detalhes bibliográficos
Autor principal: OMS
Formato: Livro
Idioma:Undetermined
Publicado em: Geneva OMS 1993
Tags: Adicionar Tag
Sem tags, seja o primeiro a adicionar uma tag!
Thư viện lưu trữ: Trung tâm Học liệu Trường Đại học Cần Thơ
LEADER 00477nam a2200169Ia 4500
001 CTU_16109
008 210402s9999 xx 000 0 und d
082 |a 350.818 
082 |b U72 
100 |a OMS 
245 4 |a The urban health crisis: Strategies for all in the face of rapid urbanization 
245 0 |c OMS 
260 |a Geneva 
260 |b OMS 
260 |c 1993 
904 |i Nguyễn Quang Điền, 970512 
980 |a Trung tâm Học liệu Trường Đại học Cần Thơ